Apuntes de semántica léxica

Gorde:
Xehetasun bibliografikoak
Egile nagusia: Escandell Vidal, María Victoria (autora)
Formatua: Liburua
Hizkuntza:gaztelania
Argitaratua: Madrid Universidad Nacional de Educación a Distancia 2007
Edizioa:1a. ed
Saila:Cuadernos de la Uned, 278
Gaiak:
Etiketak: Etiketa erantsi
Etiketarik gabe, Izan zaitez lehena erregistro honi etiketa jartzen!

MARC

LEADER 00000cam a2200000 a 4500
001 UCD3458
003 CL-VaPUC
008 160603e20070900sp |||||||||||||||||spa|d
020 |a 9788436255010 
082 0 4 |a 401.43  |b ESC  |2 21 
100 |a Escandell Vidal, María Victoria  |e autora  |9 586947 
245 1 0 |a Apuntes de semántica léxica 
250 |a 1a. ed 
300 |a 221 p 
942 |c BK 
945 |d 20160603 11:43:00  |a arojas 
260 |a Madrid  |b Universidad Nacional de Educación a Distancia  |c 2007 
650 0 |a Semántica  |9 265318 
650 0 |a Léxico  |9 416570 
650 0 |a Sintaxis  |9 318843 
650 0 |a Cognición   |9 270347 
583 |a last modification  |c 20160603 11:43:00  |k Rodrigo Vera 
490 0 |a Cuadernos de la Uned, 278 
999 |c 364494  |d 364492 
952 |0 0  |1 0  |3 erb  |4 0  |6 401_430000000000000_ESC_2007  |7 0  |8 A  |9 477693  |a BIBEDU  |b BIBEDU  |i 5291291  |l 2  |o 401.43 ESC 2007  |p 5291291  |r 2024-04-26  |s 2024-04-05  |w 2019-11-24  |y BK  |z Catalogado en:20160603  |k LIT 
952 |0 0  |1 0  |3 erb  |4 0  |6 401_430000000000000_ESC_2007  |7 0  |8 A  |9 477694  |a BIBEDU  |b BIBEDU  |i 5291305  |o 401.43 ESC 2007  |p 5291305  |r 2019-11-24  |w 2019-11-24  |y BK  |z Catalogado en:20160603  |k LIT